000 00390 a2200157 4500
001 151505
040 _cEscola São Tomás de Aquino
100 _aMARIA, Luzia de
240 1 0 _aNo Baú da Memória revirando a história
_lpor
245 1 0 _aNo Baú da Memória revirando a história
300 _a27
362 0 _a2006
440 1 _aFTD
697 _a*LITERATURA INFANTO
942 _cBK
999 _c151505
_d151505